000
00365nam a22001457a 4500
003
OSt
005
20150930151752.0
008
150930b xxu||||| |||| 00| 0 eng d
040
_c
RUA
082
_a
AGR ហ៊ 1992 B002 Or.1
100
_9
1615
_a
ហ៊, សុផល
245
_a
ដំណាំសណ្តែកដី
300
_a
71p.
_c
29cm.
942
_2
ddc
_c
AGR
999
_c
1524
_d
1524